000 00438nam a2200157 i 4500
001 75885
003 ES-MaACL
005 20230906172635.0
007 t|
008 040928s19301939gw ||||1| ger d
100 1 _aGrimm, Hans.
_960057
245 1 4 _aDer richter in der Karn und andere geschichten /
_cHans Grimm.
260 _aLeipzig :
_b[s.n.,
_c193?] (
_fSpamer)
300 _a300 p. ;
_c20 cm.
852 _aES-MaACL
_jF-15064
_bR.18768
999 _c75885
_d75885